El Movimiento laboral al iniciar el año

Guardado en:
Bibliografiske detaljer
Format: Texto
Fag:
Tags: Tilføj Tag
Ingen Tags, Vær først til at tagge denne postø!

MARC

LEADER 00000 a a2200000 04500
001 5823
003
040
245 |a El Movimiento laboral al iniciar el año  
650 |a TRABAJO  
650 |a MOVIMIENTO OBRERO  
650 |a ORGANIZACIONES DE TRABAJADORES  
650 |a LEGISLACION  
650 |a CONFLICTOS LABORALES  
773 |g volumen 14, número 598; páginas 10-12  
999 |c 30361  |d 30361